| 000 | 02634nam a2200493 i 4500 | ||
|---|---|---|---|
| 001 | 194108 | ||
| 003 | SpMaBN | ||
| 005 | 20250812085506.0 | ||
| 008 | 240301s2009 sp a | ||||o000 0 spa | ||
| 017 |
_aM 50848-2009 _bOficina Depósito Legal Madrid |
||
| 020 | _a9788436258974 | ||
| 035 | _a(OCoLC)540143105 | ||
| 040 |
_aSpMaBN _bspa _cSpMaBN _erdc |
||
| 080 | _a294.51(460) | ||
| 080 | _a316.347(460) | ||
| 080 | _a314.7(460) | ||
| 245 | 0 | 0 |
_aVoces del presente : _bminorías culturales y religiosas en España : hindúes en Canarias, Ceuta y Melilla / _cVíctor Morales Lezcano, Teresa Pereira Rodríguez (coordinadores). |
| 250 | _a1ª ed. diciembre 2009 | ||
| 260 |
_a[Madrid] : _bUniversidad Nacional de Educación a Distancia, _c2009. |
||
| 300 |
_a187 p. : _bil., mapas ; _c24 cm + _e1 CD-DA |
||
| 336 |
_2rdacontent _atexto |
||
| 337 |
_2rdamedia _asin mediación |
||
| 338 |
_2rdacarrier _avolumen |
||
| 490 | 1 |
_aCuadernos UNED ; _vCU 295 |
|
| 500 | _aIncluye (p. 175-179): Ley orgánica 7/1980, de 5 de julio, de libertad religiosa | ||
| 520 | _aLos coordinadores y colaboradores de este volumen han tratado de acercarnos a una de las minorías del Estado español más caracterizadas: la colonia hindú, muy en particular, la de los sindhíes, predominante en Tenerife, Las Palmas de Gran Canaria, Ceuta y Melilla. Los testimonios orales, recopilados en el registro sonoro adjunto a este volumen nos sumergen en historias de vida, cargadas de aspiraciones, confrontaciones con el entorno y afirmación del individuo y la colectividad cultural. | ||
| 546 | _aTextos en español y francés | ||
| 650 | 0 |
_aHinduismo- _zEspaña _9235756 |
|
| 650 | 4 |
_aMinorías religiosas- _zEspaña _2embne _915067 |
|
| 650 | 4 |
_aEmigración e inmigración- _zEspaña _2embne _912187 |
|
| 700 | 1 |
_aMorales Lezcano, Víctor _983046 |
|
| 700 | 1 |
_aPereira Rodríguez, Teresa _9142190 |
|
| 710 |
_aEspaña _tLey Orgánica de libertad religiosa, 1980 _9235757 |
||
| 830 |
_9223638 _aCuadernos UNED ; _vCU 295 |
||
| 852 |
_aES-MaACL _bR.155081 _cDEPOJ _jN-9860 _xEncuadernación rústica _hDonante: Teresa Pereira Rodríguez _9201801 _gDedicatoria autógrafa de la coordinadora |
||
| 852 |
_aES-MaACL _cROT _jROT 2/6/22 _hDonación: Teresa Pereira Rodríguez _9203338 |
||
| 903 |
_9142190 _aPereira Rodríguez, Teresa _ednr |
||
| 942 |
_cMONOGRAFIA _n0 |
||
| 999 |
_c194108 _d194108 |
||